UBT Library

Textbook of medicine / (Record no. 44281)

000 -LEADER
fixed length control field 00698pam a22002651a 4500
001 - CONTROL NUMBER
control field 952337
005 - DATE AND TIME OF LATEST TRANSACTION
control field 20180307044825.0
008 - FIXED-LENGTH DATA ELEMENTS--GENERAL INFORMATION
fixed length control field 840828s1985 pau b 001 0 eng c
010 ## - LIBRARY OF CONGRESS CONTROL NUMBER
LC control number 84020225
020 ## - INTERNATIONAL STANDARD BOOK NUMBER
International Standard Book Number 0721696295 (set)
020 ## - INTERNATIONAL STANDARD BOOK NUMBER
International Standard Book Number 0721696279 (v. 1)
020 ## - INTERNATIONAL STANDARD BOOK NUMBER
International Standard Book Number 0721696287 (v. 2)
040 ## - CATALOGING SOURCE
Original cataloging agency DNLM/DLC
Transcribing agency DLC
Modifying agency DLC
041 ## - LANGUAGE CODE
Language code of text/sound track or separate title eng
060 ## - NATIONAL LIBRARY OF MEDICINE CALL NUMBER
Classification number WB 100 T354
080 ## - UNIVERSAL DECIMAL CLASSIFICATION NUMBER
Universal Decimal Classification number 616 SMI
082 00 - DEWEY DECIMAL CLASSIFICATION NUMBER
Classification number 616 SMI
Edition number 19
100 ## - Rafti
Rafti 4
101 ## - Shkurtesa
Shkurtesa SHM
245 00 - TITLE STATEMENT
Title Textbook of medicine /
Statement of responsibility, etc [edited by] Cecil.
504 ## - BIBLIOGRAPHY, ETC. NOTE
Bibliography, etc Includes bibliographies and index.
740 0# - ADDED ENTRY--UNCONTROLLED RELATED/ANALYTICAL TITLE
Uncontrolled related/analytical title Cecil Textbook of medicine.
906 ## - LOCAL DATA ELEMENT F, LDF (RLIN)
a 7
b cbc
c orignew
d 1
e ocip
f 19
g y-gencatlg
942 ## - ADDED ENTRY ELEMENTS (KOHA)
Source of classification or shelving scheme
Item type Books
Holdings
Withdrawn status Lost status Source of classification or shelving scheme Damaged status Not for loan Collection code Permanent location Current location Shelving location Date acquired Total Checkouts Full call number Barcode Date last seen Price effective from Koha item type
          Koleksioni i përgjithshem UBT - Lipjan UBT - Lipjan Koleksioni i përgjithshem 03/07/2018   616 SMI 002-3001026 03/07/2018 03/07/2018 Books
UBT Library © 2015-2024. All rights reserved University Education for Business and Technology